Curso de Álgebra Lineal y Geometría / (Record no. 193494)

MARC details
000 -LEADER
campo de control de longitud fija 01808nam a2200421 i 4500
001 - NÚMERO DE CONTROL
campo de control 193494
003 - IDENTIFICADOR DE NÚMERO DE CONTROL
campo de control ES-MaACL
005 - FECHA Y HORA DE LA ÚLTIMA TRANSACCIÓN
campo de control 20250724074837.0
007 - CAMPO FIJO DE DESCRIPCIÓN FÍSICA--INFORMACIÓN GENERAL
campo de control de longitud fija ta
008 - DATOS DE LONGITUD FIJA--INFORMACIÓN GENERAL
campo de control de longitud fija 240102s2018 sp 000 0 spa d
020 ## - NÚMERO INTERNACIONAL ESTÁNDAR DEL LIBRO
Número Internacional Estándar del Libro 9786202123914
Información calificativa (Vol.1)
020 ## - NÚMERO INTERNACIONAL ESTÁNDAR DEL LIBRO
Número Internacional Estándar del Libro 9786202137607
Información calificativa (Vol.2)
035 ## - NÚMERO DE CONTROL DEL SISTEMA
Número de control de sistema Rebiun22109127
040 ## - FUENTE DE CATALOGACIÓN
Centro catalogador/agencia de origen UAM.C
Lengua de catalogación spa
Centro/agencia transcriptor ES-MaACL
080 ## - NÚMERO DE LA CLASIFICACIÓN DECIMAL UNIVERSAL
Número de la Clasificación Decimal Universal 514.1
080 ## - NÚMERO DE LA CLASIFICACIÓN DECIMAL UNIVERSAL
Número de la Clasificación Decimal Universal 512.64
100 0# - ENTRADA PRINCIPAL--NOMBRE DE PERSONA
Nombre de persona Contreras Caballero, Lucia
9 (RLIN) 40317
Término indicativo de función/relación Autor
245 10 - MENCIÓN DEL TÍTULO
Título Curso de Álgebra Lineal y Geometría /
Mención de responsabilidad, etc. Lucía Contreras Caballero
260 ## - PUBLICACIÓN, DISTRIBUCIÓN, ETC.
Lugar de publicación, distribución, etc. [s.l.] :
Nombre del editor, distribuidor, etc. Editorial Académica Española,
Fecha de publicación, distribución, etc. 2018
300 ## - DESCRIPCIÓN FÍSICA
Extensión 2 volúmenes. :
Otras características físicas figuras. ;
Dimensiones 22 cm
336 ## - TIPO DE CONTENIDO
Fuente rdacontent
Término de tipo de contenido Texto
337 ## - TIPO DE MEDIO
Fuente rdamedia
Nombre/término del tipo de medio sin mediación
338 ## - TIPO DE SOPORTE
Fuente rdacarrier
Nombre/término del tipo de soporte volumen
504 ## - NOTA DE BIBLIOGRAFÍA, ETC.
Nota de bibliografía, etc. Bibliografía
505 2# - NOTA DE CONTENIDO CON FORMATO
Nota de contenido con formato Vol.1: Álgebra lineal gradual con observaciones geométricas. - Vol.2: La geometría inferida del Álgebra Lineal
650 #7 - PUNTO DE ACCESO ADICIONAL DE MATERIA--TÉRMINO DE MATERIA
Término de materia o nombre geográfico como elemento de entrada Álgebra lineal
9 (RLIN) 155319
650 #7 - PUNTO DE ACCESO ADICIONAL DE MATERIA--TÉRMINO DE MATERIA
Término de materia o nombre geográfico como elemento de entrada Geometría
Fuente del encabezamiento o término embne
9 (RLIN) 13096
740 0# - ENTRADA AGREGADA--TÍTULO RELACIONADO/ANALÍTICO NO CONTROLADO
Título relacionado o analítico no controlado Álgebra lineal gradual con observaciones geométricas
740 3# - ENTRADA AGREGADA--TÍTULO RELACIONADO/ANALÍTICO NO CONTROLADO
Título relacionado o analítico no controlado La geometría inferida del Álgebra Lineal
852 ## - LOCALIZACIÓN
Ubicación ES-MaACL
Ubicación en estantería Depósito J
Número de control de estantería N-9680
Donativo/Legado Donación: Lucía Contreras Caballero
Designación de la unidad física v.1
itemnumber 200973
Sublocalización o colección R.154830
Anotaciones manuscritas Dedicatoria autógrafa de la autora
Encuadernación Encuadernación rústica
852 ## - LOCALIZACIÓN
Ubicación Es-MaACL
Ubicación en estantería Depósito J
Número de control de estantería N-9681
Donativo/Legado Donación: Lucía Contreras Caballero
itemnumber 200974
Designación de la unidad física v.2
Sublocalización o colección R.154830
Anotaciones manuscritas Dedicatoria autógrafa de la autora
Encuadernación Encuadernación rústica
903 ## - NOMBRE PERSONAL DE DONANTE
9 40317
a Contreras Caballero, Lucia
e Donante
942 ## - ELEMENTOS DE ENTRADA SECUNDARIOS (KOHA)
Suprimir en OPAC No
Tipo de ítem Koha Libro impreso
Holdings
Estatus retirado Estado de pérdida Fuente del sistema de clasificación o colocación Estado de daño No para préstamo Colección Biblioteca de origen Biblioteca actual Ubicación en estantería Fecha de adquisición Fuente de adquisición Enumeración/cronología de publicación seriada Número de control de estantería Total de préstamos Signatura topográfica completa Código de barras Visto por última vez Precio de reemplazo Tipo de ítem Koha Nota pública
    Clasificación decimal universal     Libros con dedicatorias Biblioteca del Ateneo de Madrid Biblioteca del Ateneo de Madrid Depósito J 19/11/2023 Donación v.1 Ateneísta   N-9680 101206253 02/01/2024 02/01/2024 Libro impreso Dedicatoria autógrafa de la autora
    Clasificación decimal universal     Libros con dedicatorias Biblioteca del Ateneo de Madrid Biblioteca del Ateneo de Madrid Depósito J 19/11/2023 Donación v.2 Ateneísta   N-9681 101206254 02/01/2024 02/01/2024 Libro impreso Dedicatoria autógrafa de la autora